000 00417nam a22001457a 4500
008 140516b xxu||||| |||| 00| 0 eng d
080 _a657
100 _aMartins, Pires
245 _aIniciacao a contabilidade
_bDe acordo com o plano oficial de contabilidade
_cPires Martins
250 _a3rd ed.
260 _aLisboa
_bCoimbra
_c1986
300 _a172p.
_b
_c
_e
_f
_g
650 _aContabilidade
942 _2udc
_cBK
999 _c29003
_d29003